| 000 | 00726nam a2200217 a 4500 | ||
|---|---|---|---|
| 005 | 20250315063757.0 | ||
| 008 | 081008s1992 mx r 000 0 spa d | ||
| 020 | _a0821319566. | ||
| 035 | _aUPN01000162905 | ||
| 049 | _aUNE | ||
| 080 | _a373.3/.4 (-77) "1992" LOC. | ||
| 100 | 1 | _aLockheed, Marlaine E. | |
| 245 | 1 | 0 |
_aEducación primaria, documento de política del Banco Mundial / _cMarlaine E. Lockheed; Deborah Bloch. |
| 260 |
_aWashington, D.C. : _bBanco Mundial, _c1992. |
||
| 300 |
_a77 p. ; _bil., retrs. |
||
| 690 | _aEnseñanza primaria- Politica educacional | ||
| 690 | _aPaises en desarrollo- Enseñanza primaria | ||
| 700 | 1 | _aBloch, Deborah, coaut. | |
| 710 | 2 |
_aBanco Mundial _99177 |
|
| 905 | _aUNESCO | ||
| 999 |
_c135018 _d135018 |
||